Indian Cities - Sudden Death - Statistics

General Stats
  • This quiz has been taken 189 times
    187 since last reset
  • The average score is 11 of 24
Answers on the Grid
Answers color-coded by a green-red scale on the quiz's grid according to % correct below.
Agartala
Ahmedabad
Ambala
Amravati
Amritsar
Bahawalpur
Bikaner
Chennai
Chittagong
Delhi
Dhaka
Dharamshala
Faisalabad
Gujranwala
Gurgaon
Guwahati
Hyderabad
Jaipur
Jodhpur
Kabul
Karachi
Kochi
Lahore
Mashhad
Multan
Mumbai
Nagpur
Prayagraj
Pune
Rajshahi
Ranchi
Shimla
Srinagar
Surat
Sylhet
Visakhapatnam
 
Answer Stats
Answer % Correct
Ahmedabad
82%
Delhi
78%
Chennai
76%
Hyderabad
67%
Jaipur
65%
Mumbai
60%
Pune
56%
Amritsar
54%
Jodhpur
53%
Nagpur
47%
Surat
47%
Kochi
43%
Visakhapatnam
43%
Amravati
36%
Srinagar
35%
Guwahati
31%
Shimla
29%
Bikaner
28%
Dharamshala
28%
Agartala
27%
Gurgaon
27%
Ranchi
27%
Prayagraj
24%
Ambala
20%
No matching quizzes found
Score Distribution
Percent of People with Each Score
Percentile by Number Answered
Your Score History
You have not taken this quiz since the last reset